<?xml version="1.0" encoding="UTF-8"?>
<record
    xmlns:xsi="http://www.w3.org/2001/XMLSchema-instance"
    xsi:schemaLocation="http://www.loc.gov/MARC21/slim http://www.loc.gov/standards/marcxml/schema/MARC21slim.xsd"
    xmlns="http://www.loc.gov/MARC21/slim">

  <leader>02041nam2a2200337   4500</leader>
  <controlfield tag="001">rc\2918154</controlfield>
  <controlfield tag="005">20260406004615.0</controlfield>
  <datafield tag="010" ind1=" " ind2=" ">
    <subfield code="b">&#x412; &#x43F;&#x435;&#x440;.</subfield>
    <subfield code="d">8 &#x440;.</subfield>
    <subfield code="9">3000</subfield>
  </datafield>
  <datafield tag="021" ind1=" " ind2=" ">
    <subfield code="a">RU</subfield>
    <subfield code="b">[36 &#x41B;2639]</subfield>
  </datafield>
  <datafield tag="035" ind1=" " ind2=" ">
    <subfield code="a">(NLR Aleph) 007068457</subfield>
  </datafield>
  <datafield tag="090" ind1=" " ind2=" ">
    <subfield code="a">13594760</subfield>
    <subfield code="c">13594760</subfield>
  </datafield>
  <datafield tag="100" ind1=" " ind2=" ">
    <subfield code="a">20110811d1936    k  y0rusy50      ca</subfield>
  </datafield>
  <datafield tag="101" ind1="0" ind2=" ">
    <subfield code="a">rus</subfield>
  </datafield>
  <datafield tag="102" ind1=" " ind2=" ">
    <subfield code="a">RU</subfield>
  </datafield>
  <datafield tag="105" ind1=" " ind2=" ">
    <subfield code="a">ad  g   |||||</subfield>
  </datafield>
  <datafield tag="200" ind1="1" ind2=" ">
    <subfield code="a">&#x421;&#x440;&#x435;&#x434;&#x43D;&#x44F;&#x44F; &#x447;&#x430;&#x441;&#x442;&#x44C; &#x43C;&#x43E;&#x440;&#x44F;</subfield>
    <subfield code="f">&#x413;&#x438;&#x434;&#x440;&#x43E;&#x433;&#x440;&#x430;&#x444;&#x438;&#x447;&#x435;&#x441;&#x43A;&#x438;&#x439; &#x43E;&#x442;&#x434;&#x435;&#x43B; &#x423;&#x41C;&#x421; &#x420;&#x41A;&#x41A;&#x410;</subfield>
    <subfield code="g">[&#x43B;&#x43E;&#x446;&#x438;&#x44F; &#x441;&#x43E;&#x441;&#x442;&#x430;&#x432;&#x43B;&#x435;&#x43D;&#x430; &#x41A;.&#x421;. &#x423;&#x445;&#x43E;&#x432;&#x44B;&#x43C;</subfield>
    <subfield code="g">&#x424;&#x438;&#x437;&#x438;&#x43A;&#x43E;-&#x433;&#x435;&#x43E;&#x433;&#x440;&#x430;&#x444;&#x438;&#x447;&#x435;&#x441;&#x43A;&#x438;&#x439; &#x43E;&#x431;&#x437;&#x43E;&#x440; &#x411;&#x430;&#x43B;&#x442;&#x438;&#x439;&#x441;&#x43A;&#x43E;&#x433;&#x43E; &#x43C;&#x43E;&#x440;&#x44F; &#x441;&#x43E;&#x441;&#x442;&#x430;&#x432;&#x438;&#x43B; &#x41B;.&#x424;. &#x420;&#x443;&#x434;&#x43E;&#x432;&#x438;&#x446;</subfield>
    <subfield code="g">&#x43E;&#x431;&#x449;&#x435;&#x435; &#x440;&#x435;&#x434;&#x430;&#x43A;&#x442;&#x438;&#x440;&#x43E;&#x432;&#x430;&#x43D;&#x438;&#x435; &#x432;&#x44B;&#x43F;&#x43E;&#x43B;&#x43D;&#x435;&#x43D;&#x43E; &#x410;.&#x413;. &#x413;&#x435;&#x434;&#x440;&#x438;&#x43C;&#x43E;&#x432;&#x438;&#x447;&#x435;&#x43C;]</subfield>
  </datafield>
  <datafield tag="210" ind1=" " ind2=" ">
    <subfield code="a">&#x41B;&#x435;&#x43D;&#x438;&#x43D;&#x433;&#x440;&#x430;&#x434;</subfield>
    <subfield code="c">&#x418;&#x437;&#x434;&#x430;&#x442;&#x435;&#x43B;&#x44C;&#x441;&#x442;&#x432;&#x43E; &#x438; &#x43A;&#x430;&#x440;&#x442;&#x43E;&#x442;&#x438;&#x43F;&#x43E;&#x433;&#x440;&#x430;&#x444;&#x438;&#x44F; &#x413;&#x438;&#x434;&#x440;&#x43E;&#x433;&#x440;&#x430;&#x444;&#x438;&#x447;&#x435;&#x441;&#x43A;&#x43E;&#x433;&#x43E; &#x43E;&#x442;&#x434;&#x435;&#x43B;&#x430; &#x423;&#x41C;&#x421; &#x420;&#x41A;&#x41A;&#x410;</subfield>
    <subfield code="d">1936</subfield>
  </datafield>
  <datafield tag="215" ind1=" " ind2=" ">
    <subfield code="a">&#x41F;&#x435;&#x440;&#x435;&#x43F;&#x43B;&#x435;&#x442;, XXXVI, 299 &#x441;., 3 &#x432;&#x43A;&#x43B;. &#x43B;. &#x43A;&#x430;&#x440;&#x442;. &#x438; &#x442;&#x430;&#x431;&#x43B;.</subfield>
    <subfield code="c">&#x438;&#x43B;., &#x43A;&#x430;&#x440;&#x442;., &#x442;&#x430;&#x431;&#x43B;.</subfield>
  </datafield>
  <datafield tag="300" ind1=" " ind2=" ">
    <subfield code="a">&#x410;&#x432;&#x442;&#x43E;&#x440;&#x44B; &#x443;&#x43A;&#x430;&#x437;&#x430;&#x43D;&#x44B; &#x432; &#x43F;&#x440;&#x435;&#x434;&#x438;&#x441;&#x43B;&#x43E;&#x432;&#x438;&#x438;</subfield>
  </datafield>
  <datafield tag="461" ind1=" " ind2="0">
    <subfield code="1">001rc\2918150</subfield>
    <subfield code="1">2001#$a&#x41B;&#x43E;&#x446;&#x438;&#x44F; &#x411;&#x430;&#x43B;&#x442;&#x438;&#x439;&#x441;&#x43A;&#x43E;&#x433;&#x43E; &#x43C;&#x43E;&#x440;&#x44F;$f&#x413;&#x438;&#x434;&#x440;&#x43E;&#x433;&#x440;. &#x443;&#x43F;&#x440;. &#x420;&#x41A;&#x41A;&#x424;$v&#x427;. 2</subfield>
    <subfield code="9">6356142</subfield>
    <subfield code="c">&#x41B;&#x435;&#x43D;&#x438;&#x43D;&#x433;&#x440;&#x430;&#x434;</subfield>
    <subfield code="d">1936-1960</subfield>
    <subfield code="f">&#x413;&#x438;&#x434;&#x440;&#x43E;&#x433;&#x440;&#x430;&#x444;&#x438;&#x447;&#x435;&#x441;&#x43A;&#x43E;&#x435; &#x443;&#x43F;&#x440;&#x430;&#x432;&#x43B;&#x435;&#x43D;&#x438;&#x435; &#x420;&#x41A;&#x41A;&#x424;</subfield>
    <subfield code="n">&#x41A;&#x430;&#x440;&#x442;&#x43E;&#x442;&#x438;&#x43F;&#x43E;&#x433;&#x440;&#x430;&#x444;&#x438;&#x44F; &#x413;&#x438;&#x434;&#x440;&#x43E;&#x433;&#x440;&#x430;&#x444;&#x438;&#x447;&#x435;&#x441;&#x43A;&#x43E;&#x433;&#x43E; &#x443;&#x43F;&#x440;&#x430;&#x432;&#x43B;&#x435;&#x43D;&#x438;&#x44F; &#x420;&#x41A;&#x41A;&#x424;</subfield>
    <subfield code="t">&#x41B;&#x43E;&#x446;&#x438;&#x44F; &#x411;&#x430;&#x43B;&#x442;&#x438;&#x439;&#x441;&#x43A;&#x43E;&#x433;&#x43E; &#x43C;&#x43E;&#x440;&#x44F;</subfield>
    <subfield code="v">&#x427;. 2</subfield>
  </datafield>
  <datafield tag="607" ind1=" " ind2=" ">
    <subfield code="a">&#x411;&#x430;&#x43B;&#x442;&#x438;&#x439;&#x441;&#x43A;&#x43E;&#x435; &#x43C;&#x43E;&#x440;&#x435;</subfield>
    <subfield code="x">&#x41B;&#x43E;&#x446;&#x438;&#x44F;</subfield>
    <subfield code="9">1088397</subfield>
    <subfield code="3">RU\NLR\AUTH\66107573</subfield>
  </datafield>
  <datafield tag="686" ind1="1" ind2=" ">
    <subfield code="a">&#x41E;471.12,1(922.0)</subfield>
  </datafield>
  <datafield tag="702" ind1=" " ind2="1">
    <subfield code="a">&#x423;&#x445;&#x43E;&#x432;</subfield>
    <subfield code="b">&#x41A;. &#x421;.</subfield>
    <subfield code="g">&#x41A;&#x43E;&#x43D;&#x441;&#x442;&#x430;&#x43D;&#x442;&#x438;&#x43D; &#x421;&#x435;&#x440;&#x433;&#x435;&#x435;&#x432;&#x438;&#x447;</subfield>
    <subfield code="4">220</subfield>
  </datafield>
  <datafield tag="702" ind1=" " ind2="1">
    <subfield code="4">220</subfield>
    <subfield code="8">rus</subfield>
    <subfield code="7">ca</subfield>
    <subfield code="a">&#x420;&#x443;&#x434;&#x43E;&#x432;&#x438;&#x446;</subfield>
    <subfield code="b">&#x41B;. &#x424;.</subfield>
    <subfield code="f">1879-1966</subfield>
    <subfield code="g">&#x41B;&#x435;&#x43E; &#x424;&#x440;&#x438;&#x446;&#x43E;&#x432;&#x438;&#x447;</subfield>
    <subfield code="3">RU\NLR\AUTH\77114127</subfield>
    <subfield code="9">97052</subfield>
  </datafield>
  <datafield tag="702" ind1=" " ind2="1">
    <subfield code="a">&#x413;&#x435;&#x434;&#x440;&#x438;&#x43C;&#x43E;&#x432;&#x438;&#x447;</subfield>
    <subfield code="b">&#x410;. &#x41F;.</subfield>
    <subfield code="f">1884-1953</subfield>
    <subfield code="g">&#x410;&#x43B;&#x435;&#x43A;&#x441;&#x430;&#x43D;&#x434;&#x440; &#x41F;&#x435;&#x442;&#x440;&#x43E;&#x432;&#x438;&#x447;</subfield>
    <subfield code="4">340</subfield>
  </datafield>
  <datafield tag="801" ind1=" " ind2="0">
    <subfield code="a">RU</subfield>
    <subfield code="b">NLR</subfield>
    <subfield code="g">psbo</subfield>
  </datafield>
  <datafield tag="801" ind1=" " ind2="1">
    <subfield code="a">RU</subfield>
    <subfield code="b">ELAR</subfield>
    <subfield code="2">rusmarc</subfield>
  </datafield>
  <datafield tag="852" ind1=" " ind2=" ">
    <subfield code="a">NLR</subfield>
    <subfield code="j">36-19/42 (2)</subfield>
  </datafield>
  <datafield tag="942" ind1=" " ind2=" ">
    <subfield code="c">UNSPEC</subfield>
  </datafield>
  <datafield tag="980" ind1=" " ind2=" ">
    <subfield code="a">NB</subfield>
  </datafield>
</record>
